[Event "Sunway Sitges Open 2018"]
[Site "Sitges ESP"]
[Date "2018.12.14"]
[Round "1.67"]
[White "Demianjuk, Alexander"]
[Black "Prieto, Alberto"]
[Result "0-1"]
[WhiteTitle "FM"]
[WhiteElo "2344"]
[BlackElo "1953"]
[WhiteFideId "4134249"]
[BlackFideId "2083426"]
[EventDate "2018.12.14"]

1. e4 e5 2. Nf3 Nc6 3. Nc3 Nf6 4. Bb5 d6 5. d4 Bd7 6. O-O Be7 7. Re1 exd4 8.
Nxd4 O-O 9. Bxc6 bxc6 10. Qf3 Ng4 11. Nf5 Ne5 12. Nxe7+ Qxe7 13. Qg3 Rab8 14. b3
Qf6 15. Bd2 Qg6 16. Qxg6 Nxg6 17. Na4 f5 18. Ba5 Rbc8 19. e5 Nxe5 20. Nc5 Rf7
21. Na6 c5 22. Bxc7 Rf6 23. f4 Ng6 24. Ba5 Nxf4 25. Re7 Bc6 26. g3 Nh3+ 27. Kf1
f4 28. gxf4 Bb5+ 29. Kg2 Nxf4+ 30. Kg3 Bxa6 31. c4 Rcf8 0-1

[Event "Sunway Sitges Open 2018"]
[Site "Sitges ESP"]
[Date "2018.12.14"]
[Round "1.71"]
[White "Sarkar, Justin"]
[Black "Moreno Latorre, Fco Jose"]
[Result "1-0"]
[WhiteTitle "IM"]
[WhiteElo "2332"]
[BlackElo "1930"]
[WhiteFideId "2010011"]
[BlackFideId "2221020"]
[EventDate "2018.12.14"]

1. d4 Nf6 2. c4 g6 3. Nc3 Bg7 4. e4 d6 5. f4 O-O 6. Nf3 Bg4 7. Be3 Na6 8. h3
Bxf3 9. Qxf3 c5 10. d5 Nd7 11. Bd3 Nb4 12. Bb1 e6 13. a3 exd5 14. cxd5 Na6 15.
O-O Qa5 16. Bd3 Rac8 17. Qe2 Nc7 18. Bd2 a6 19. Kh1 Qb6 20. a4 Rfe8 21. Bc4 Qa7
22. Qd3 b6 23. e5 dxe5 24. d6 Ne6 25. f5 Nd4 26. fxg6 Rf8 27. gxf7+ Kh8 28. Ne4
Rfd8 29. f8=N Rxf8 30. Bf7 h6 31. Ng5 hxg5 32. Qg6 Rxf7 33. Rxf7 1-0

[Event "Sunway Sitges Open 2018"]
[Site "Sitges ESP"]
[Date "2018.12.14"]
[Round "1.80"]
[White "Ansat, Aldiyar"]
[Black "Chkhaidze, Nikoloz"]
[Result "1-0"]
[WhiteTitle "CM"]
[BlackTitle "FM"]
[WhiteElo "1807"]
[BlackElo "2297"]
[WhiteFideId "13715658"]
[BlackFideId "13601750"]
[EventDate "2018.12.14"]

1. e4 c5 2. c3 d5 3. exd5 Qxd5 4. d4 Nf6 5. Nf3 e6 6. Bd3 Be7 7. O-O O-O 8. Bg5
Rd8 9. Qe2 Nc6 10. Bc4 Qd6 11. dxc5 Qxc5 12. Nbd2 b6 13. Rad1 Bb7 14. Bxf6 gxf6
15. Ne4 Qh5 16. Ng3 Qg4 17. h3 Qf4 18. Ba6 Bxa6 19. Qxa6 Bc5 20. b4 Bd6 21. Nd4
Ne7 22. Nde2 Qe5 23. Rd3 f5 24. f4 Qf6 25. a3 Ng6 26. Kh1 Qh4 27. Rd4 Bf8 28.
Rfd1 Rxd4 29. Rxd4 Bg7 30. Qb7 Rf8 31. Rd3 Nxf4 32. Nxf4 Qxf4 33. Qe7 h6 34.
Qxa7 e5 35. Rf3 Qc1+ 36. Rf1 Qxc3 37. Nxf5 Qc4 38. Rf3 Qe6 39. Qc7 Kh7 40. Qc2
e4 41. Rf4 Be5 42. Rf1 Bb8 43. Qc3 Rg8 44. Qd4 Rg6 45. Ne3 b5 46. Qd5 Qxd5 47.
Nxd5 Kg7 48. Nc3 e3 49. Re1 Re6 50. g4 Bf4 51. Kg2 h5 52. Nxb5 hxg4 53. hxg4 Bg5
54. Nd4 Ra6 55. Nf5+ Kg6 56. Nxe3 Rxa3 57. Nc4 Rb3 58. Re4 Kg7 59. Nd6 Kg6 60.
b5 Bd8 61. Rc4 Be7 62. Nc8 Bd8 63. b6 Kg5 64. Rc6 Kxg4 65. Rd6 Rb2+ 66. Kf1 Bh4
67. Rd4+ Kh3 68. Rd3+ Bg3 69. Rf3 Rb4 70. Rxf7 Re4 71. Re7 Rc4 72. b7 Rb4 73.
Ke2 Kg4 74. Rg7+ Kf4 75. Na7 Rb2+ 76. Kd3 Kf3 77. Nc6 Rb6 78. Kd4 Bh2 79. Rf7+
Ke2 80. Kc5 Rb1 81. Nd4+ Kd3 82. Nb5 Rc1+ 83. Kd5 Ke3 84. Rh7 Rd1+ 85. Kc6 Rc1+
86. Kd7 Bf4 87. Rh3+ Kf2 88. Rh8 Rd1+ 89. Kc6 Rc1+ 90. Kb6 Kg3 91. Rd8 Rb1 92.
Rd3+ Kg2 93. Kc6 Rb2 94. Nd6 Rb1 95. Rd5 1-0

[Event "Sunway Sitges Open 2018"]
[Site "Sitges ESP"]
[Date "2018.12.15"]
[Round "2.1"]
[White "Ayats Llobera, Gerard"]
[Black "Andreikin, Dmitry"]
[Result "0-1"]
[WhiteTitle "FM"]
[BlackTitle "GM"]
[WhiteElo "2395"]
[BlackElo "2719"]
[WhiteFideId "32067607"]
[BlackFideId "4158814"]
[EventDate "2018.12.14"]

1. b3 Nf6 2. Bb2 g6 3. g3 d5 4. Bg2 Bg7 5. f4 O-O 6. Nf3 c5 7. O-O Nc6 8. Ne5
Nxe5 9. Bxe5 Be6 10. e3 Qd7 11. Qe2 Rfd8 12. d3 Bg4 13. Bf3 Bxf3 14. Qxf3 Rac8
15. Nd2 Qh3 16. Qe2 Rc6 17. Rfe1 Bh6 18. Bxf6 exf6 19. e4 dxe4 20. Qxe4 Qc8 21.
Nf3 c4 22. Rad1 cxb3 23. cxb3 Bf8 24. d4 Rc3 25. Rd3 Rc2 26. Re2 f5 27. Qe3 Bb4
28. Ne5 Re8 29. Rxc2 Qxc2 30. Qf2 Qb1+ 31. Qf1 Qxa2 32. Qf3 a5 33. Qd5 Re7 34.
Rd1 Qe2 35. Ra1 Kg7 36. Qd8 f6 37. Nd7 Rf7 38. Nc5 Qe3+ 39. Kg2 Qd2+ 0-1

[Event "Sunway Sitges Open 2018"]
[Site "Sitges ESP"]
[Date "2018.12.15"]
[Round "2.2"]
[White "Duran Vega, Sergio"]
[Black "Inarkiev, Ernesto"]
[Result "0-1"]
[WhiteTitle "IM"]
[BlackTitle "GM"]
[WhiteElo "2391"]
[BlackElo "2693"]
[WhiteFideId "6501311"]
[BlackFideId "4162722"]
[EventDate "2018.12.14"]

1. d4 Nf6 2. c4 g6 3. Nc3 d5 4. cxd5 Nxd5 5. e4 Nxc3 6. bxc3 Bg7 7. Be3 c5 8.
Rc1 O-O 9. Qd2 Qd6 10. Nf3 Bg4 11. Ne5 cxd4 12. cxd4 Bxe5 13. dxe5 Qxd2+ 14.
Bxd2 Nd7 15. Bb5 Nxe5 16. Rc7 Rfd8 17. Rxe7 Rac8 18. f3 Be6 19. Bg5 Rc5 20. Rxb7
Nxf3+ 21. gxf3 Rxg5 22. a4 Rg2 23. Be2 Rd4 24. Rxa7 Kg7 25. h4 Bc4 0-1

[Event "Sunway Sitges Open 2018"]
[Site "Sitges ESP"]
[Date "2018.12.15"]
[Round "2.3"]
[White "Sasikiran, Krishnan"]
[Black "Rohith, Krishna S"]
[Result "1-0"]
[WhiteTitle "GM"]
[BlackTitle "CM"]
[WhiteElo "2673"]
[BlackElo "2399"]
[WhiteFideId "5004985"]
[BlackFideId "46617051"]
[EventDate "2018.12.14"]

1. e4 e5 2. Nf3 Nc6 3. Bb5 a6 4. Ba4 Nf6 5. O-O Be7 6. Re1 b5 7. Bb3 d6 8. c3
O-O 9. h3 Na5 10. Bc2 c5 11. d4 Qc7 12. Nbd2 Nc6 13. d5 Nb8 14. a4 Ra7 15. b4 c4
16. Nf1 Re8 17. Be3 Rb7 18. Ng3 Bf8 19. axb5 axb5 20. Ra5 g6 21. Qd2 Bg7 22.
Rea1 Re7 23. Bg5 Bd7 24. Nh4 Re8 25. Qe3 Qd8 26. Nf3 Re7 27. Ra8 Be8 28. Nh2
Rec7 29. Ng4 h5 30. Nh6+ Bxh6 31. Bxh6 Nh7 32. Nxh5 Qh4 33. Ng3 Bd7 34. Bd1 f5
35. exf5 gxf5 36. Nh5 f4 37. Qe4 Be8 38. Qf5 Bxh5 39. Bxh5 Qf6 40. Qg4+ Kh8 41.
R1a7 Qd8 42. Rxb7 Rxb7 43. Bg6 Qc7 44. Qe6 Qd8 45. Bf7 Nf8 46. Qf5 Nh7 47. Qg6
Qf6 48. Qg8# 1-0

[Event "Sunway Sitges Open 2018"]
[Site "Sitges ESP"]
[Date "2018.12.15"]
[Round "2.4"]
[White "Di Nicolantonio, Lucas"]
[Black "Edouard, Romain"]
[Result "0-1"]
[WhiteTitle "FM"]
[BlackTitle "GM"]
[WhiteElo "2389"]
[BlackElo "2644"]
[WhiteFideId "680460"]
[BlackFideId "633429"]
[EventDate "2018.12.14"]

1. e4 c5 2. b3 g6 3. Bb2 Nf6 4. e5 Nd5 5. h4 Bg7 6. h5 Nc6 7. Nf3 d6 8. h6 Bxe5
9. Nxe5 dxe5 10. Bb5 f6 11. Bxc6+ bxc6 12. d3 Nf4 13. Rh2 Bf5 14. Qd2 c4 15. g3
Ne6 16. dxc4 Qb6 17. Nc3 Rd8 18. Qe3 Bxc2 19. Qxb6 axb6 20. f3 Bf5 21. Rd2 Rxd2
22. Kxd2 Nd4 23. Rf1 Kf7 24. g4 Be6 25. Na4 b5 26. cxb5 cxb5 27. Nc5 Rc8 28.
Bxd4 exd4 29. Nxe6 Kxe6 30. a4 bxa4 31. bxa4 Ra8 32. Ra1 Kd5 33. a5 Ra6 34. Kc2
e5 35. Kb3 f5 36. gxf5 gxf5 37. Kb4 e4 38. fxe4+ fxe4 39. Kb5 Ra8 40. a6 e3 41.
a7 e2 42. Kb4 Rxa7 0-1

[Event "Sunway Sitges Open 2018"]
[Site "Sitges ESP"]
[Date "2018.12.15"]
[Round "2.5"]
[White "Vocaturo, Daniele"]
[Black "Medarde Santiago, Luis Marcos"]
[Result "1-0"]
[WhiteTitle "GM"]
[BlackTitle "FM"]
[WhiteElo "2629"]
[BlackElo "2386"]
[WhiteFideId "813192"]
[BlackFideId "2263076"]
[EventDate "2018.12.14"]

1. e4 c5 2. Nf3 g6 3. d4 cxd4 4. Nxd4 Nc6 5. c4 Nf6 6. Nc3 d6 7. f3 Bg7 8. Be3
O-O 9. Be2 Nh5 10. O-O Qb6 11. Ncb5 Nxd4 12. Bxd4 Bxd4+ 13. Qxd4 Qxd4+ 14. Nxd4
Nf4 15. Kf2 Ne6 16. Nc2 Nf4 17. Rfd1 Nxe2 18. Kxe2 Be6 19. b3 Rfc8 20. Nd4 Bd7
21. Ke3 Kf8 22. Rd2 a6 23. a4 a5 24. Ne2 Bc6 25. g4 h6 26. h4 f6 27. f4 Kf7 28.
Rf1 Rg8 29. e5 Rad8 30. Nd4 Bd7 31. g5 Be6 32. exf6 exf6 33. Nb5 d5 34. c5 d4+
35. Rxd4 Rxd4 36. Kxd4 Bxb3 37. Nd6+ Ke7 38. Re1+ Be6 39. gxh6 Rh8 40. h5 f5 41.
hxg6 Kf6 42. g7 Rxh6 43. Rxe6+ 1-0

[Event "Sunway Sitges Open 2018"]
[Site "Sitges ESP"]
[Date "2018.12.15"]
[Round "2.6"]
[White "Alarcon Casellas, Rolando"]
[Black "Adly, Ahmed"]
[Result "0-1"]
[WhiteTitle "IM"]
[BlackTitle "GM"]
[WhiteElo "2387"]
[BlackElo "2626"]
[WhiteFideId "3507610"]
[BlackFideId "10601619"]
[EventDate "2018.12.14"]

1. d4 Nf6 2. Bg5 Ne4 3. Bf4 c5 4. d5 Qb6 5. Nd2 Qxb2 6. Nxe4 Qb4+ 7. c3 Qxe4 8.
e3 g5 9. Bg3 Bg7 10. Rc1 d6 11. Nf3 Qg6 12. h4 h6 13. Bd3 f5 14. Qc2 O-O 15.
hxg5 hxg5 16. c4 Na6 17. a3 Nc7 18. Rb1 b5 19. cxb5 Nxd5 20. Bc4 Be6 21. Rd1 Nc7
22. Bxd6 exd6 23. Rxd6 Rae8 24. Rc6 Qf6 25. O-O g4 26. Ne1 Qf7 27. Bxe6 Nxe6 28.
Nd3 f4 29. Nxf4 Nxf4 30. exf4 Qxf4 31. g3 Qe4 32. Qxc5 Rf3 33. Rd1 Ref8 34. Qc4+
Qxc4 35. Rxc4 Rxf2 36. Rxg4 R2f5 37. a4 R8f7 38. Kg2 Kf8 39. Rc1 Ke8 40. Rc2 Kd8
41. Rg6 Rb7 42. Rd6+ Ke7 43. Rdc6 Bd4 44. Re2+ Kf7 45. Re4 Rd7 46. Rh4 Rf2+ 47.
Kh3 Rb2 48. Rf4+ Ke7 49. Kg4 Rb4 50. Ra6 Kd8 51. Kf3 Kc8 52. g4 Rb3+ 53. Kg2 Bb6
54. Rc4+ Kb7 55. Rc2 Rd4 0-1

[Event "Sunway Sitges Open 2018"]
[Site "Sitges ESP"]
[Date "2018.12.15"]
[Round "2.7"]
[White "Indjic, Aleksandar"]
[Black "Roy, Prantik"]
[Result "1/2-1/2"]
[WhiteTitle "GM"]
[BlackTitle "IM"]
[WhiteElo "2620"]
[BlackElo "2382"]
[WhiteFideId "911925"]
[BlackFideId "5035120"]
[EventDate "2018.12.14"]

1. d4 e6 2. Nf3 d5 3. c4 c6 4. Bg5 Be7 5. Bxe7 Qxe7 6. Nbd2 Nf6 7. g3 O-O 8. Qc2
Nbd7 9. Bg2 e5 10. dxe5 Nxe5 11. cxd5 Nxd5 12. O-O Nxf3+ 13. Nxf3 Bg4 14. a3
Rfe8 15. Rfe1 Nf6 16. h3 Bxf3 17. Bxf3 Rad8 18. b4 Qe5 19. Rad1 g6 20. a4 Rd4
21. Rxd4 Qxd4 22. b5 cxb5 23. axb5 Ne4 24. e3 Qe5 25. Kg2 Qxb5 26. Rb1 Qc6 27.
Qxc6 bxc6 28. Rb7 a5 29. Ra7 Re5 30. Ra6 Kg7 31. Rxc6 Ng5 32. Be2 Ne6 33. Ra6
Rc5 34. Ra7 Nc7 35. Bd1 Kf6 36. g4 h6 37. h4 Ne6 38. Kg3 Rc1 39. Bb3 Rg1+ 40.
Kf3 Rh1 41. Bd5 Ra1 42. Kg2 Ra3 43. Kg3 Nd8 44. Kf3 Ra1 45. Kg2 Ra3 46. Kf1 Ra1+
47. Ke2 Rg1 48. Ra6+ Ne6 49. Kf3 Ra1 50. Kg2 Ra3 51. Ra7 Nd8 52. g5+ hxg5 53.
hxg5+ Kxg5 54. Rd7 Ne6 55. Rxf7 Nc5 56. f4+ Kh6 57. Rc7 Rc3 58. Bg8 g5 59. f5 g4
60. Rc6+ Kg5 61. f6 Rc2+ 62. Kg1 Rc1+ 63. Kg2 Rc2+ 64. Kg1 Rc1+ 65. Kg2 1/2-1/2

[Event "Sunway Sitges Open 2018"]
[Site "Sitges ESP"]
[Date "2018.12.15"]
[Round "2.8"]
[White "Low, Zhen Yu Cyrus"]
[Black "Lagarde, Maxime"]
[Result "0-1"]
[WhiteTitle "IM"]
[BlackTitle "GM"]
[WhiteElo "2384"]
[BlackElo "2616"]
[WhiteFideId "5804175"]
[BlackFideId "662399"]
[EventDate "2018.12.14"]

1. e4 c5 2. Nf3 d6 3. d4 cxd4 4. Nxd4 Nf6 5. Nc3 Nc6 6. Bg5 e6 7. Qd2 a6 8. Nxc6
bxc6 9. O-O-O Be7 10. Bxf6 gxf6 11. Bc4 Qa5 12. Rhe1 Bb7 13. Kb1 O-O-O 14. Qe2
d5 15. Bb3 d4 16. Na4 c5 17. Qd2 Qb5 18. c4 Qc6 19. Qd3 Qc7 20. g3 Bc6 21. Bc2
Kb7 22. a3 Ka7 23. Ka2 Rd7 24. b3 Rb8 25. Nb2 e5 26. Qe2 Bd8 27. Qh5 Qa5 28. Re2
Rdb7 29. Qxh7 Qc7 30. Qh5 Qc8 31. Qf3 Bd7 32. Qd3 Ba5 33. Rb1 Qh8 34. f3 Qh3 35.
Qd1 Bc3 36. Nd3 Rc7 37. Qf1 Qh8 38. f4 Bh3 39. Qg1 Bg4 40. Rf2 Be6 41. f5 Bd7
42. h4 Rg8 43. Rg2 a5 44. Qf1 Bc8 45. a4 Bb7 46. Qe2 Qh6 47. Rbg1 Rcc8 48. Nf2
Rcd8 49. Qd3 Rg7 50. Rh1 Rh8 51. Kb1 Bc6 52. Nd1 Bb4 53. Nb2 Rg4 54. Qf3 Rhg8
55. Nd1 Kb6 56. Nf2 R4g7 57. g4 Rh7 58. Rh3 Rb8 59. g5 Qf8 60. g6 fxg6 61. fxg6
Rhb7 62. Ng4 Ka7 63. Qxf6 Qc8 64. g7 Bc3 65. Kc1 Rxb3 66. Bxb3 Rxb3 67. Nxe5
Bxe4 68. Rd3 Qb7 69. Qf7 Rb1+ 70. Kc2 Rb2+ 71. Kd1 Rxg2 0-1

[Event "Sunway Sitges Open 2018"]
[Site "Sitges ESP"]
[Date "2018.12.15"]
[Round "2.9"]
[White "Gordievsky, Dmitry"]
[Black "Baghdasaryan, Vahe"]
[Result "1/2-1/2"]
[WhiteTitle "GM"]
[BlackTitle "GM"]
[WhiteElo "2614"]
[BlackElo "2376"]
[WhiteFideId "24112798"]
[BlackFideId "13303139"]
[EventDate "2018.12.14"]

1. e4 c5 2. Be2 Nc6 3. f4 g6 4. Nf3 Bg7 5. O-O d5 6. d3 Bg4 7. c3 e6 8. Be3 d4
9. Bf2 Bxf3 10. Bxf3 Nge7 11. g3 O-O 12. e5 Qd7 13. Nd2 Rad8 14. Ne4 b6 15. c4
f6 16. exf6 Bxf6 17. Qe2 Bg7 18. Bg2 e5 19. fxe5 Nxe5 20. Kh1 Rde8 21. Bg1 Nf5
22. Rad1 h5 23. a3 h4 24. gxh4 Nxh4 25. Rxf8+ Rxf8 26. Rf1 Rxf1 27. Bxf1 Nhf3
28. Bf2 Qf5 29. Bg3 g5 30. Nf2 g4 31. b4 cxb4 32. axb4 Bh6 33. Qe4 Qxe4 34. Nxe4
a5 35. bxa5 bxa5 36. Nc5 Bf8 37. Na4 Nd7 38. Bc7 Bb4 39. Kg2 Kf7 40. Kg3 Nd2 41.
Be2 Nb3 42. Kxg4 Ndc5 43. Nxc5 Nxc5 44. Be5 Bc3 45. Bd6 Nb7 46. Ba3 Bb4 47. Bb2
Bc3 48. Bc1 Nc5 49. Kf5 Bb4 50. Bb2 Bc3 51. Ba3 Bb4 52. Bxb4 axb4 53. Ke5 b3 54.
Bd1 Nxd3+ 55. Kxd4 Nb2 56. Bxb3 Nxc4 1/2-1/2

[Event "Sunway Sitges Open 2018"]
[Site "Sitges ESP"]
[Date "2018.12.15"]
[Round "2.10"]
[White "Borocz, Istvan1"]
[Black "Romanov, Evgeny"]
[Result "0-1"]
[WhiteTitle "IM"]
[BlackTitle "GM"]
[WhiteElo "2377"]
[BlackElo "2614"]
[WhiteFideId "703036"]
[BlackFideId "4148843"]
[EventDate "2018.12.14"]

1. d4 Nf6 2. Nf3 d5 3. c3 Bf5 4. Bg5 Ne4 5. Bf4 e6 6. Nbd2 g5 7. Be3 g4 8. Nxe4
Bxe4 9. Nd2 Bg6 10. Bf4 Bd6 11. e3 Bxf4 12. exf4 h5 13. Qb3 b6 14. Qa4+ c6 15.
Be2 Qc7 16. g3 Nd7 17. h3 gxh3 18. Rxh3 O-O-O 19. O-O-O Nf6 20. Rh4 Ng4 21. Bxg4
hxg4 22. Rdh1 Rxh4 23. Rxh4 Kb7 24. Nf1 Be4 25. Ne3 f5 26. Rh6 Re8 27. Nc2 a5
28. Ne1 Qg7 29. Rh4 Rc8 30. Kd2 c5 31. Ke3 cxd4+ 32. Qxd4 Qxd4+ 33. Kxd4 Rc4+
34. Ke3 d4+ 35. cxd4 Rc1 36. Nd3 Rd1 37. Ne5 Bd5 38. a3 Rb1 39. Nd3 Ka6 40. Rh6
Kb5 41. Rh7 Bc4 42. Re7 Ka4 43. Kd2 Kb3 44. Rb7 b5 45. Rb6 a4 46. Rb8 Ka2 47.
Rb6 Ka1 48. Kc3 Rd1 49. Ne5 Bf1 50. Rxe6 Rc1+ 51. Kb4 Rd1 52. Nc6 Kxb2 53. Re3
Bc4 54. Kc5 Bb3 55. Kb4 Rd2 56. Re5 Rxf2 57. Rxf5 Rf3 58. Na7 Rxg3 59. Nxb5 Rf3
60. Rg5 Rxf4 61. Kc5 Be6 62. Kb4 Bd7 63. Rg7 Bxb5 64. Kxb5 Rxd4 65. Kc5 Rf4 66.
Re7 Kxa3 67. Re3+ Kb2 68. Re2+ Kc3 69. Kd5 a3 70. Re3+ Kb4 71. Re2 g3 72. Re8 a2 0-1

[Event "Sunway Sitges Open 2018"]
[Site "Sitges ESP"]
[Date "2018.12.15"]
[Round "2.11"]
[White "Liang, Awonder"]
[Black "Pogorelov, Ruslan"]
[Result "1/2-1/2"]
[WhiteTitle "GM"]
[BlackTitle "GM"]
[WhiteElo "2589"]
[BlackElo "2354"]
[WhiteFideId "2056437"]
[BlackFideId "14100363"]
[EventDate "2018.12.14"]

1. e4 c6 2. Nc3 d5 3. Nf3 Bg4 4. h3 Bxf3 5. Qxf3 e6 6. Qg3 Nd7 7. d3 g6 8. Be2
Bg7 9. Bf4 Qb6 10. Bd2 d4 11. Nd1 Ne7 12. O-O O-O 13. a4 c5 14. b3 Nc6 15. Nb2
Nb4 16. Rac1 Rac8 17. Nc4 Qc7 18. Bf4 e5 19. Bd2 a6 20. Bg4 f5 21. exf5 gxf5 22.
Bf3 Kh8 23. a5 b5 24. axb6 Nxb6 25. Nb2 Rg8 26. Qh2 Bf6 27. Rfe1 Qg7 28. g3 Bg5
29. Bxg5 Qxg5 30. Red1 Rce8 31. Qg2 Re6 32. h4 Qh6 33. Nc4 Nxc4 34. bxc4 f4 35.
Be4 Re7 36. Kh2 Reg7 37. Rg1 fxg3+ 38. fxg3 Rxg3 39. Qxg3 Rxg3 40. Kxg3 Qf4+ 41.
Kh3 Qe3+ 42. Kh2 Qf4+ 1/2-1/2

[Event "Sunway Sitges Open 2018"]
[Site "Sitges ESP"]
[Date "2018.12.15"]
[Round "2.12"]
[White "Pablo Mari, Alejandro"]
[Black "Peralta, Fernando"]
[Result "0-1"]
[WhiteTitle "FM"]
[BlackTitle "GM"]
[WhiteElo "2375"]
[BlackElo "2584"]
[WhiteFideId "2200287"]
[BlackFideId "105309"]
[EventDate "2018.12.14"]

1. e4 e6 2. d3 d5 3. Nd2 Nf6 4. Ngf3 Be7 5. g3 O-O 6. Bg2 dxe4 7. dxe4 b6 8. O-O
Bb7 9. e5 Nfd7 10. Re1 Nc6 11. a3 a5 12. b3 Nc5 13. Bb2 Qd7 14. Qe2 Rad8 15.
Rad1 Qc8 16. h4 Rd7 17. Nf1 Rfd8 18. Rxd7 Qxd7 19. Qe3 Bf8 20. g4 Ne7 21. Ng3
Qc8 22. Ng5 h6 23. Bxb7 Qxb7 24. N5e4 Ng6 25. h5 Nh4 26. Re2 Rd1+ 27. Kh2 Qd5
28. Kh3 Be7 29. c4 Qa8 0-1

[Event "Sunway Sitges Open 2018"]
[Site "Sitges ESP"]
[Date "2018.12.15"]
[Round "2.13"]
[White "Santos Latasa, Jaime"]
[Black "Lillo Castany, Victor"]
[Result "1/2-1/2"]
[WhiteTitle "GM"]
[BlackTitle "FM"]
[WhiteElo "2584"]
[BlackElo "2336"]
[WhiteFideId "2293307"]
[BlackFideId "2278995"]
[EventDate "2018.12.14"]

1. d4 d5 2. Bf4 Nf6 3. e3 c5 4. c3 Nc6 5. Nd2 e6 6. Ngf3 Bd6 7. Bg3 O-O 8. Bb5
Ne7 9. Bd3 c4 10. Bc2 b5 11. e4 dxe4 12. Nxe4 Nxe4 13. Bxe4 Rb8 14. O-O Bxg3 15.
hxg3 Bb7 16. Bxb7 Rxb7 17. a3 Ng6 18. Re1 Qd5 19. Qc2 a5 20. Ne5 Rc8 21. Nxg6
hxg6 22. Re5 Qc6 23. Rae1 Rd7 24. Qe2 Rd5 25. Rxd5 Qxd5 26. Qg4 Qb7 27. Qg5 Rb8
28. Qc5 Rd8 29. Re5 Rd5 30. Rxd5 Qxd5 31. Qc8+ Kh7 32. Qc7 Qf5 33. Qxa5 Qb1+ 34.
Kh2 Qxb2 35. f3 Qd2 36. Qb4 Qh6+ 37. Kg1 Qc1+ 38. Kh2 Qh6+ 1/2-1/2

[Event "Sunway Sitges Open 2018"]
[Site "Sitges ESP"]
[Date "2018.12.15"]
[Round "2.14"]
[White "Meister, Peter"]
[Black "Lopez Martinez, Josep Manuel"]
[Result "0-1"]
[WhiteTitle "IM"]
[BlackTitle "GM"]
[WhiteElo "2355"]
[BlackElo "2580"]
[WhiteFideId "4600207"]
[BlackFideId "2212943"]
[EventDate "2018.12.14"]

1. d4 Nf6 2. Nf3 g6 3. Nc3 d5 4. Bf4 Bg7 5. e3 O-O 6. Be2 c5 7. Ne5 Nc6 8. O-O
cxd4 9. exd4 Bd7 10. a4 e6 11. Ra3 a6 12. Qd2 Rc8 13. Nxc6 Bxc6 14. Be5 Qe7 15.
Qe3 Rfd8 16. h3 Bf8 17. Bd3 Nd7 18. Bg3 Bg7 19. Ne2 Nb6 20. a5 Nc4 21. Bxc4 dxc4
22. c3 Rd5 23. Nc1 Rb5 24. Qe2 Qd8 25. b4 cxb3 26. Qb2 Bd5 27. Nxb3 Bf8 0-1

[Event "Sunway Sitges Open 2018"]
[Site "Sitges ESP"]
[Date "2018.12.15"]
[Round "2.15"]
[White "Nihal, Sarin"]
[Black "Sarkar, Justin"]
[Result "1-0"]
[WhiteTitle "GM"]
[BlackTitle "IM"]
[WhiteElo "2576"]
[BlackElo "2332"]
[WhiteFideId "25092340"]
[BlackFideId "2010011"]
[EventDate "2018.12.14"]

1. Nf3 Nf6 2. c4 c5 3. Nc3 Nc6 4. g3 g6 5. d4 cxd4 6. Nxd4 Bg7 7. Bg2 O-O 8. O-O
Qa5 9. e3 Ne5 10. Nb3 Qa6 11. c5 d6 12. cxd6 Rd8 13. Nc5 Qb6 14. N5e4 e6 15.
Nxf6+ Bxf6 16. Qe2 Bg7 17. f4 Nc6 18. Kh1 Rxd6 19. e4 e5 20. Be3 Qd8 21. f5 Nd4
22. Qf2 gxf5 23. exf5 Bxf5 24. Bxd4 exd4 25. Qxf5 Rf6 26. Qh5 dxc3 27. bxc3 Rc8
28. Rxf6 Qxf6 29. Rf1 Qg6 30. Qd5 b6 31. Qd7 Qe6 32. Rxf7 Qxd7 33. Rxd7 Bxc3 34.
Bd5+ Kh8 35. Rxa7 Be5 36. Rb7 Rc5 37. Bb3 Bc7 38. Kg2 Kg7 39. Ra7 h5 40. Ra4 Kg6
41. Rd4 Be5 42. Rd7 Rc7 43. Rd5 Rc5 44. Rxc5 bxc5 45. h3 Bc3 46. Kf3 Kg5 47. a4
Be1 48. Bf7 h4 49. g4 Kf6 50. Bg8 Ke5 51. Ke3 Ba5 52. Kd3 Kf4 53. Kc4 Bd8 54.
Kxc5 Kg3 55. Be6 Bg5 56. a5 Kxh3 57. a6 Kg3 58. Kc4 Be3 59. g5 1-0

[Event "Sunway Sitges Open 2018"]
[Site "Sitges ESP"]
[Date "2018.12.15"]
[Round "2.16"]
[White "O'Donnell, Conor"]
[Black "Petrosyan, Manuel"]
[Result "0-1"]
[WhiteTitle "FM"]
[BlackTitle "GM"]
[WhiteElo "2346"]
[BlackElo "2565"]
[WhiteFideId "2504243"]
[BlackFideId "13300857"]
[EventDate "2018.12.14"]

1. d4 Nf6 2. c4 e6 3. Nc3 Bb4 4. Qc2 O-O 5. Nf3 c5 6. dxc5 Na6 7. g3 Nxc5 8. Bg2
Nce4 9. O-O Bxc3 10. bxc3 Qc7 11. Nd4 d5 12. cxd5 exd5 13. Bf4 Qc5 14. Rfc1 Bd7
15. Be3 Rfc8 16. Rab1 b6 17. Qd3 Qc4 18. Rb3 Qxd3 19. exd3 Nc5 20. Bg5 Nxb3 21.
axb3 Be6 22. f4 Rc7 23. f5 Bc8 24. Bxf6 gxf6 25. Bxd5 Bb7 26. Nb5 Rd7 27. Bxb7
Rxb7 28. d4 a6 29. Ra1 Re7 30. c4 Kg7 31. d5 Re3 32. Nc7 Rd8 33. Rxa6 Rxb3 34.
Ra7 Kh6 35. Nb5 Rb2 36. Rxf7 Ra8 37. Ra7 Re8 38. Kf1 Ree2 39. d6 Rxh2 40. Kg1
Rbg2+ 41. Kf1 Rc2 42. Kg1 Rhd2 43. Ra1 Rxc4 0-1

[Event "Sunway Sitges Open 2018"]
[Site "Sitges ESP"]
[Date "2018.12.15"]
[Round "2.17"]
[White "Krishna Teja, N"]
[Black "Kulaots, Kaido"]
[Result "0-1"]
[WhiteTitle "IM"]
[BlackTitle "GM"]
[WhiteElo "2340"]
[BlackElo "2555"]
[WhiteFideId "5001498"]
[BlackFideId "4500261"]
[EventDate "2018.12.14"]

1. d4 d6 2. c4 e5 3. dxe5 dxe5 4. Qxd8+ Kxd8 5. Nc3 Be6 6. e4 Nd7 7. Be3 c6 8.
O-O-O Kc7 9. g3 Ngf6 10. f3 a6 11. Nh3 h6 12. a4 a5 13. Nf2 Bc5 14. Bxc5 Nxc5
15. Kc2 Nfd7 16. b3 f5 17. Bh3 Rhf8 18. Bg2 fxe4 19. Nfxe4 Nxe4 20. Nxe4 Bf5 21.
Rhf1 Nc5 22. Kc3 Bxe4 23. fxe4 Rad8 24. Rxf8 Rxd1 25. Rf7+ Kb6 26. Rxg7 Rc1+ 27.
Kd2 Nxb3+ 28. Ke3 Rc2 29. Bf3 Rxh2 30. Re7 Nd2 31. Be2 Nxe4 32. Rxe5 Nc5 33. Bd1
Rg2 34. g4 Rg3+ 35. Bf3 Rh3 36. Rf5 Ne6 37. c5+ Nxc5 38. Kf2 Ne6 39. Rf6 Ng5 40.
Bg2 Ra3 41. Rxh6 Rxa4 42. Kg3 Rb4 43. Rg6 a4 44. Rxg5 a3 45. Rg8 Ra4 46. Rf8 a2
47. Rf1 a1=Q 48. Rxa1 Rxa1 49. g5 Kc5 50. g6 Kd6 0-1

[Event "Sunway Sitges Open 2018"]
[Site "Sitges ESP"]
[Date "2018.12.15"]
[Round "2.18"]
[White "Kadric, Denis"]
[Black "Vaishali, R"]
[Result "0-1"]
[WhiteTitle "GM"]
[BlackTitle "WGM"]
[WhiteElo "2554"]
[BlackElo "2329"]
[WhiteFideId "14403803"]
[BlackFideId "5091756"]
[EventDate "2018.12.14"]

1. f4 d5 2. Nf3 Nf6 3. g3 g6 4. Bg2 Bg7 5. O-O O-O 6. d3 b6 7. e4 dxe4 8. dxe4
Ba6 9. Re1 Nc6 10. e5 Qxd1 11. Rxd1 Rad8 12. Rxd8 Rxd8 13. Nc3 Ng4 14. h3 Nh6
15. Be3 f6 16. g4 fxe5 17. fxe5 Nf7 18. e6 Nd6 19. Ng5 Nb4 20. Rd1 Rf8 21. Bf2
h6 22. Nf7 Bc4 23. a3 Nxc2 24. Rd2 Bb3 25. Nxd6 cxd6 26. Nd5 Bxd5 27. Bxd5 Rc8
28. Be4 Na1 29. Bxg6 Nb3 30. Rd5 Bxb2 31. Rb5 Rc3 32. Bh4 Nd4 33. Bf7+ Kg7 34.
Rxb2 Nf3+ 35. Kf2 Nxh4 36. a4 Rxh3 37. Rb5 Rf3+ 38. Ke2 Rf4 39. a5 Rxg4 40. axb6
axb6 0-1